Bí ẩn về kho báu

Guardat en:
Dades bibliogràfiques
Autor principal: Lưu, Đại Quân
Format: Llibre
Idioma:Undetermined
Publicat: Hà Nội Nhà xuất bản Hà Nội 2004
Matèries:
Etiquetes: Afegir etiqueta
Sense etiquetes, Sigues el primer a etiquetar aquest registre!
Thư viện lưu trữ: Trung tâm Học liệu Trường Đại học Cần Thơ
LEADER 00524nam a2200193Ia 4500
001 CTU_64774
008 210402s9999 xx 000 0 und d
020 |c 25000 
082 |a 930.1 
082 |b Qu121 
100 |a Lưu, Đại Quân 
245 0 |a Bí ẩn về kho báu 
245 0 |c Lưu Đại Quân 
260 |a Hà Nội 
260 |b Nhà xuất bản Hà Nội 
260 |c 2004 
650 |a Archaeology 
904 |i Minh, Hải 
980 |a Trung tâm Học liệu Trường Đại học Cần Thơ